Sports Quiz

Random Sports Quiz

Undisputed UFC Champions Quiz Stats

Quiz not verified by Sporcle

Challenge
Share
Tweet
Embed
Score 0/43 Timer 10:00
0 Plays Today
Time as Champion Fighter % Correct
Middleweight: 2006-PresentAnderson Silva
98%
Heavyweight: 2008-2010Brock Lesnar
98%
Light Heavyweight: 2003-2004Randy Couture
97%
Light Heavyweight: 2004-2005Randy Couture
97%
Heavyweight: 1997-1998Randy Couture
97%
Heavyweight: 2000-2002Randy Couture
97%
Heavyweight: 2007-2008Randy Couture
97%
Welterweight: 2006-2007Georges St. Pierre
96%
Welterweight: 2008-PresentGeorges St. Pierre
96%
Light Heavyweight: 2008-2009Rashad Evans
96%
Lightweight: 2008-2010BJ Penn
93.9%
Welterweight: 2004BJ Penn
93.9%
Light Heavyweight: 2005-2007Chuck Liddell
93.9%
Light Heavyweight: 2007-2008Quinton Jackson
92.9%
Light Heavyweight: 2009-2010Lyoto Machida
90.9%
Welterweight: 2001-2004Matt Hughes
89.9%
Welterweight: 2004-2006Matt Hughes
89.9%
Light Heavyweight: 2010-PresentMauricio Rua
89.9%
Heavyweight: 2010-PresentCain Velasquez
89.9%
Light Heavyweight: 2000-2003Tito Ortiz
86.9%
Welterweight: 2007-2008Matt Serra
85.9%
Heavyweight: 2004-2005Frank Mir
85.9%
Time as Champion Fighter % Correct
Light Heavyweight: 2008Forrest Griffin
84.8%
Lightweight: 2010-PresentFrankie Edgar
82.8%
Heavyweight: 2003Tim Sylvia
82.8%
Heavyweight: 2006-2007Tim Sylvia
82.8%
Middleweight: 2005-2006Rich Franklin
79.8%
Light Heavyweight: 1997-1999Frank Shamrock
78.8%
Heavyweight: 1997Mark Coleman
70.7%
Light Heavyweight: 2004Vitor Belfort
69.7%
Heavyweight: 2005-2006Andrei Arlovski
68.7%
Lightweight: 2006-2007Sean Sherk
67.7%
Lightweight: 2001-2002Jens Pulver
66.7%
Middleweight: 2005Evan Tanner
59.6%
Welterweight: 2001Carlos Newton
58.6%
Heavyweight: 2002-2003Ricco Rodriguez
51.5%
Heavyweight: 2002Josh Barnett
50.5%
Welterweight:1998-2001Pat Miletich
48.5%
Heavyweight: 1997Maurice Smith
48.5%
Heavyweight: 1999Bas Rutten
48.5%
Heavyweight: 1999-2000Kevin Randleman
46.5%
Middleweight: 2001-2002Dave Menne
42.4%
Middleweight: 2002Murilo Bustamante
38.4%

You're not logged in!

Compare scores with friends on all Sporcle quizzes.
Join for Free
OR
Log In

You Might Also Like...

Show Comments

Extras

Top Quizzes Today


Score Distribution

Your Account Isn't Verified!

In order to create a playlist on Sporcle, you need to verify the email address you used during registration. Go to your Sporcle Settings to finish the process.

Report this User

Report this user for behavior that violates our Community Guidelines.

Details: